| 000 | 00772nam a2200217 a 4500 | ||
|---|---|---|---|
| 001 | 64432 | ||
| 003 | BD-RjUL | ||
| 005 | 20211209081317.0 | ||
| 008 | 170214s1967 bg ||||| |||| 00| 0 eng d | ||
| 035 | _a(BD-RjUL)64562 | ||
| 040 |
_aBD-RjUL _bben _cBD-RjUL |
||
| 041 | _aben | ||
| 082 |
_223 _a891.443 _bISP 1967 |
||
| 100 |
_a ইসলাম, আকাদ্দস সিরাজুল _9185782 |
||
| 245 |
_aপঞ্চবিংশতি / _cআকাদ্দস সিরাজুল ইসলাম |
||
| 260 |
_aঢাকা : _bহাফিজ বুক সেন্টার, _c১৯৬৭. |
||
| 300 |
_a২০২ পৃ. ; _cসেমি. |
||
| 650 |
_aবাংলা উপন্যাস _9170454 |
||
| 650 |
_aBengali Fiction _9170455 |
||
| 942 |
_2ddc _cBK |
||
| 999 |
_c64432 _d64432 |
||